000 00373nam a2200145Ia 4500
008 231129s2007||||xx |||||||||||||| ||spa||
020 _a978-968-185790-5
040 _bspa
082 _a621.381 Z61e
100 _aZetina M. Angel
245 0 _aElectrónica básica
260 _c2007
264 _aNoriega Editores
942 _2ddc
_cBKS
999 _c12736
_d12736